000
00321nam a22001337a 4500
008
170615b xxu||||| |||| 00| 0 eng d
020
_a
9780393330946
041
_a
eng
080
_a
94
100
_a
19
101
_a
SHP
245
_a
DEATH OF REVOLUTION CHE GUEVARAS LAST MISSION
_c
HARRIS.R.L
942
_2
udc
_c
BK
999
_c
17609
_d
17609